Eastern Utah Libraries Catalog: Duchesne, Heber, Roosevelt, & Vernal

Ghosts don't eat potato chips / (Record no. 388973)

MARC details
000 -LEADER
fixed length control field 02499cam a22005777i 4500
001 - CONTROL NUMBER
control field on1340030742
003 - CONTROL NUMBER IDENTIFIER
control field OCoLC
005 - DATE AND TIME OF LATEST TRANSACTION
control field 20231017162458.0
008 - FIXED-LENGTH DATA ELEMENTS--GENERAL INFORMATION
fixed length control field 220810t20232023nyua c 6 000 1 eng d
010 ## - LIBRARY OF CONGRESS CONTROL NUMBER
LC control number 2022946124
020 ## - INTERNATIONAL STANDARD BOOK NUMBER
International Standard Book Number 9781338881660
Qualifying information (hardcover)
020 ## - INTERNATIONAL STANDARD BOOK NUMBER
International Standard Book Number 1338881663
Qualifying information (hardcover)
020 ## - INTERNATIONAL STANDARD BOOK NUMBER
International Standard Book Number 9781338881653
Qualifying information (paperback)
020 ## - INTERNATIONAL STANDARD BOOK NUMBER
International Standard Book Number 1338881655
Qualifying information (paperback)
035 ## - SYSTEM CONTROL NUMBER
System control number (OCoLC)1340030742
040 ## - CATALOGING SOURCE
Original cataloging agency YDX
Language of cataloging eng
Description conventions rda
Transcribing agency YDX
Modifying agency MIBLS
-- GZD
-- SDG
-- JAS
-- GO3
-- JBI
-- OCLCO
-- RNL
-- SLPLM
-- OCLCO
-- UOK
049 ## - LOCAL HOLDINGS (OCLC)
Holding library UOKA
082 04 - DEWEY DECIMAL CLASSIFICATION NUMBER
Classification number J GN
092 ## - LOCALLY ASSIGNED DEWEY CALL NUMBER (OCLC)
Classification number junior graphic
Item number Dadey
100 1# - MAIN ENTRY--PERSONAL NAME
Personal name Rafer, Angeli
Relator term author,
-- artist.
9 (RLIN) 6475392
245 10 - TITLE STATEMENT
Title Ghosts don't eat potato chips /
Statement of responsibility, etc a graphic novel by Angeli Rafer ; with color by Wes Dzioba.
246 30 - VARYING FORM OF TITLE
Title proper/short title Adventures of the Bailey School Kids.
Number of part/section of a work 3,
Name of part/section of a work Ghosts don't eat potato chips
246 3# - VARYING FORM OF TITLE
Title proper/short title Ghosts do not eat potato chips
250 ## - EDITION STATEMENT
Edition statement First edition
264 #1 - Production, Publication, Distribution, Manufacture, and Copyright Notice.
Place of production, publication, distribution, manufacture New York, NY :
Name of producer, publisher, distributor, manufacturer Graphix, an imprint of Scholastic,
Date of production, publication, distribution, manufacture, or copyr [2023]
264 #4 - Production, Publication, Distribution, Manufacture, and Copyright Notice.
Date of production, publication, distribution, manufacture, or copyr �2023
300 ## - PHYSICAL DESCRIPTION
Extent 75 pages :
Other physical details chiefly color illustrations ;
Dimensions 23 cm.
336 ## - Content Type
Content type term text
336 ## - Content Type
Content type term still image
337 ## - Media type
Media type term unmediated
338 ## - Carrier type
Carrier type term volume
490 ## - SERIES STATEMENT
Series statement The adventures of the bailey school kids graphic novels ;
Volume number/sequential designation 3
500 ## - GENERAL NOTE
General note "Based on the novel by Marcia Thornton Jones & Debbie Dadey"--Book cover.
520 ## - SUMMARY, ETC.
Summary, etc "Something weird is happening at Great-Aunt Mathilda's! Eddie and Howie go to visit Eddie's great-aunt Mathilda. But when Howie sees a shadowy face in the window--and when his potato chips start to form mysterious trails--the Bailey School kids are spooked. Could a ghost be living in the attic?"--
521 1# - TARGET AUDIENCE NOTE
Target audience note 6-8 years.
521 2# - TARGET AUDIENCE NOTE
Target audience note Grades 1-3.
650 #0 - SUBJECT ADDED ENTRY--TOPICAL TERM
Topical term or geographic name as entry element Bailey School Kids (Fictitious characters)
Form subdivision Comic books, strips, etc.
9 (RLIN) 6475393
650 #0 - SUBJECT ADDED ENTRY--TOPICAL TERM
Topical term or geographic name as entry element Ghosts
Form subdivision Comic books, strips, etc.
9 (RLIN) 5698542
650 #0 - SUBJECT ADDED ENTRY--TOPICAL TERM
Topical term or geographic name as entry element Potato chips
Form subdivision Comic books, strips, etc.
9 (RLIN) 6475394
650 #1 - SUBJECT ADDED ENTRY--TOPICAL TERM
Topical term or geographic name as entry element Cartoons and comics
655 #7 - INDEX TERM--GENRE/FORM
Genre/form data or focus term Ghost comics
Source of term lcgft
655 #7 - INDEX TERM--GENRE/FORM
Genre/form data or focus term School comics
Source of term lcgft
9 (RLIN) 6423966
655 #7 - INDEX TERM--GENRE/FORM
Genre/form data or focus term Graphic novel adaptations
Source of term lcgft
9 (RLIN) 5803233
655 #7 - INDEX TERM--GENRE/FORM
Genre/form data or focus term Graphic novels
Source of term lcgft
700 1# - ADDED ENTRY--PERSONAL NAME
Personal name Jones, Marcia Thornton
Relator term creator.
9 (RLIN) 59935
700 1# - ADDED ENTRY--PERSONAL NAME
Personal name Dadey, Debbie
Relator term creator.
9 (RLIN) 59941
700 1# - ADDED ENTRY--PERSONAL NAME
Personal name Dzioba, Wes
Relator term colorist.
9 (RLIN) 6394173
710 2# - ADDED ENTRY--CORPORATE NAME
Corporate name or jurisdiction name as entry element Scholastic Inc.
Relator term publisher.
9 (RLIN) 24405
710 2# - ADDED ENTRY--CORPORATE NAME
Corporate name or jurisdiction name as entry element Graphix (Firm)
Relator term publisher.
9 (RLIN) 5901705
942 ## - ADDED ENTRY ELEMENTS (KOHA)
Source of classification or shelving scheme Dewey Decimal Classification
Koha item type BOOK
Holdings
Withdrawn status Lost status Source of classification or shelving scheme Damaged status Not for loan Collection code Home library Current library Shelving location Date acquired Source of acquisition Serial Enumeration / chronology Total Checkouts Total Renewals Full call number Barcode Checked out Date last seen Date checked out Cost, replacement price Price effective from Koha item type
    Dewey Decimal Classification     Junior Graphic Novels Wasatch County Library Wasatch County Library First Floor 10/17/2023 Micromarketing #3 Bailey School Kids - graphic 11 12 J GN Dadey 34301002052688 03/25/2026 01/26/2026 01/26/2026 22.99 10/17/2023 BOOK
    Dewey Decimal Classification     Junior Graphic Novels Wasatch County Library Wasatch County Library First Floor 12/31/2025 Libraria #3 Bailey School Kids - graphic 1 2 J GN Dadey 34301002176115 03/07/2026 01/08/2026 01/08/2026 17.95 12/31/2025 BOOK
This project was made possible through a grant from the Institute of Museum and Library Service administered by the Utah State Library Division.

Wasatch County Library

  • 465 East 1200 South, Heber City, Utah 84032
  • Phone 435-654-1511 | Fax 435-654-6456

Hours

  • Monday - Friday 9:30 AM - 8:00 PM
  • Saturday 9:30 AM - 1:30 PM
  • Closed Sundays and Holidays